000 00518nam a22001817a 4500
005 20260530130407.0
008 260530b |||||||| |||| 00| 0 eng d
020 _a9783111631059
_c3169.91
040 _aMAIN
041 _aGerman
082 _a830.9
_bGEN
100 _aWillms, Weertje (ed)
_926944
245 _aGender in der Deutschsprachigen Kinder- und Jugendliteratur
_b: Vom Mittelalter bis zur Gegenwart
260 _aBerlin
_bDe Gruyter
_c2024
300 _a527
650 _aGerman Language
942 _cBK
999 _c60924
_d60924